Grands Félins (Pantherinae) en images - Statistiques

Statistiques générales
  • Ce quiz a été pris 85 fois
  • Le résultat moyen est 5 sur 7
Statistiques - réponses
Par images Hint Réponse % Correct
Panthera leo Lion
100%
Panthera tigris Tigre
98%
Panthera pardus Léopard
95%
Panthera onca Jaguar
86%
Panthera uncia Panthère des neiges
77%
Neofelis nebulosa Panthère nébuleuse
35%
Neofelis diardi Panthère nébuleuse de Bornéo
14%
Aucun quiz correspondant
Distribution des résultats
% des personnes avec chaque résultat
Percentile par nombre de réponses
Votre historique - résultats
Vous n’avez pas pris ce quiz